|
|
|
|
| LEADER |
01765nam a2200313 a 4500 |
| 001 |
GR-MES5297 |
| 008 |
991111s1996 nyu 000 b eng d |
| 020 |
|
|
|a 0872627624
|
| 040 |
|
|
|a GrPaTEI
|b gre
|c GR-PaULI
|
| 082 |
|
0 |
|a 631.4 16
|2 20
|
| 110 |
2 |
|
|a American Society of Civil Engineers
|
| 245 |
1 |
0 |
|a Agricultural salinity assessment and management /
|c prepared by the Water Quality Technical Comittee of the Irrigation and Drainage Division of the American Sosiety of Civil Engineers.
|
| 260 |
|
|
|a New York :
|b American Society of Civil Engineers,
|c 1996
|
| 300 |
|
|
|a 619σελ. :
|b σχημ.
|
| 490 |
0 |
|
|a ASCE Manuals and Reports on Engineering Practice. 71
|
| 500 |
|
|
|a Περιλαμβάνει ευρετήριο
|
| 650 |
|
4 |
|a Αρδεύσεις
|x Εγχειρίδια και οδηγοί
|
| 650 |
|
4 |
|a Γεωργική μόλυνση
|x Εγχειρίδια και οδηγοί
|
| 650 |
|
4 |
|a Γεωργική οικολογία
|x Εγχειρίδια και οδηγοί
|
| 650 |
|
4 |
|a Επεξεργασία με αλάτι
|
| 710 |
0 |
|
|a American Society of Civil Engineers
|
| 710 |
2 |
|
|a COMMITEE ON WATER QUALITY
|
| 710 |
2 |
|
|a IRRIGATION AND DRAINAGE DIVISION
|
| 710 |
2 |
|
|a SUBCOMMITTEE ON SALINITY MANUAL
|
| 942 |
|
|
|2 ddc
|
| 952 |
|
|
|0 0
|1 0
|2 ddc
|4 0
|6 631_416000000000000_AGR
|7 0
|9 275862
|a MSLG
|b MSLG
|c BSC
|d 2021-01-17
|e 24
|f 0
|g 0.00
|l 0
|o 631.416 AGR
|p 2420000015483
|r 2021-01-17 00:00:00
|t 1
|v 2021.00
|w 2021-01-17
|y BK15
|x Μεταφορά από Αμαλιάδα (18/10/22)
|x GrPaTEI
|
| 952 |
|
|
|0 0
|1 0
|2 ddc
|4 0
|6 631_400000000000000_16_AGR
|7 0
|9 275863
|a MSLG
|b MSLG
|c BSC
|d 2021-01-17
|e 24
|f 0
|g 0.00
|l 1
|o 631.4 16 AGR
|p 2420000018936
|r 2022-12-15 00:00:00
|s 2022-11-28
|t 1
|w 2021-01-17
|y BK15
|x 20030908 0 1
|x GrPaTEI
|
| 971 |
|
|
|a .b25837643
|b 15-04-20
|c 14-09-16
|
| 999 |
|
|
|c 159916
|d 159916
|